Statistics for Which U.S. Presidents or Vice Presidents are Still Alive

Click here to take the quiz!

General Stats

  • This quiz has been taken 1,776 times
    (1,603 since last reset)
  • The average score is 11 of 12

Answer Stats

TermAnswer% Correct
Vice President2009 - 2017Joe Biden
100%
President2021- nowJoe Biden
100%
President2009 - 2017Barack Obama
99%
President2017- 2021Donald Trump
99%
President2001 - 2009George W. Bush
99%
President1993 - 2001Bill Clinton
98%
President1977 - 1981Jimmy Carter
95%
Vice President2021- nowKamala Harris
94%
Vice President2017 - 2021Mike Pence
91%
Vice President1993 - 2001Al Gore
83%
Vice President2001 - 2009Dick Cheney
77%
Vice President1989 - 1993Dan Quayle
61%

Score Distribution

Percentile by Number Answered

Percent of People with Each Score

Your Score History

You have not taken this quiz since the last reset